000 01241cam a22003497a 4500
003 CHAP
005 20220329142451.0
008 010406d2001 mx r 00110 spa d
010 _a83893
011 _a84865
035 _a95391
040 _cCHAP
090 _aTesis
100 0 0 _aTiznado Nuño, Rolando.
_9113442
245 1 0 _aDiagnóstico de la exportación de mango en Nayarit y el problema de moscas de la fruta (Diptera: tephritidae)
_c/por Rolando Tiznado Nuño
260 _aChapingo, Méx. :
_bEl autor,
_c2001.
300 _a44 h.
502 _aTesis (Ing. Agr. Esp. en Parasitología Agrícola) -- UACH. Departamento de Parasitología Agrícola
590 _aALEPH
_b10
_c20130110
_lUCH01
_h1442
590 _aBATCH-UPD
_b10
_c20130110
_lUCH01
_h0411
590 _aBATCH-UPD
_b10
_c20130410
_lUCH01
_h0045
590 _aBATCH-UPD
_b10
_c20130914
_lUCH01
_h1743
590 _aCONVERSION
_b10
_c20130109
_lUCH01
_h1347
650 1 4 _aMango
_xExportación.
_970415
650 1 4 _aMango
_xNayarit.
_970439
650 1 4 _aMosca de la fruta.
_978989
901 _aBK
905 _aMayto Villalobos S.
942 _cFOLL
949 _bBC
_cTES
_d33724000823241
_eTS2
_fc.2
_h38043
_i95391
_si
949 _bBC
_cTES
_d953911
_eTS1
_h38042
_i95391
_sb
999 _c83893
_d83893